000
00281nam a22001217a 4500
008
170608b xxu||||| |||| 00| 0 eng d
041
_a
eng
080
_a
327
100
_a
15
101
_a
SHP
245
_a
INTERNATIONAL POLITICS AND MIDDLW EAST
_c
BROWN.L.C
942
_2
udc
_c
BK
999
_c
16363
_d
16363